000 00710nam a2200217Ii 4500
003 JO-AjNU
008 230605s9999||||xx |||||||||||||| ||und||
017 _a1987/6/235
040 _aJO-AjNU
_bara
_erda
_cJO-AjNU
041 _aara
050 1 4 _aHQ793 .H8764 1987
100 3 _aتأليف عايش، حسني,
_eauthor
_935916
245 0 0 _aالطلاب والشباب فرص وتحديات
250 _aط1
264 3 1 _aعمان: دائرة الثقافة والفنون، 1987
300 _a214ص
_bيحتوي ببلوغرافية من ص 213-214ص
336 _atext
_btxt
_2rdacontent
337 _aunmediated
_bn
_2rdamedia
338 _avolume
_bnc
_2rdacarrier
650 4 _aالشباب
_935917
999 _aA14873
_c18441
_d18441